[Event "Wch U14"]
[Site "Mamaia"]
[Date "2022.09.06"]
[Round "1"]
[White "Magold, Filip"]
[Black "Trifu, Stefan"]
[Result "1-0"]
[WhiteElo "2267"]
[BlackElo "1853"]
[PlyCount "68"]
[EventDate "2022.09.06"]
[EventType "swiss"]
[EventRounds "11"]
[EventCountry "ROU"]
[SourceTitle "CBM 210 Extra"]
[Source "ChessBase"]
[SourceDate "2022.11.30"]
[SourceVersion "1"]
[SourceVersionDate "2022.11.30"]
[SourceQuality "1"]

1. e4 c5 2. Nf3 e6 3. d4 cxd4 4. Nxd4 Nf6 5. Nc3 Nc6 6. Nxc6 bxc6 7. e5 Nd5 8. Ne4 Qc7 9. f4 Qb6 10. c4 Bb4+ 11. Ke2 f5 12. exf6 Nxf6 13. Be3 Qd8 14. Nd6+ Bxd6 15. Qxd6 Qe7 16. Qxe7+ Kxe7 17. Kf3 d6 18. c5 d5 19. b4 Bd7 20. Bd3 a5 21. a3 Rhf8 22. Bd4 Rfb8 23. Bc3 axb4 24. axb4 Rxa1 25. Rxa1 d4 26. Bd2 Rb7 27. Ra6 g6 28. b5 Rc7 29. b6 Rb7 30. Ra7 Rb8 31. b7 Nd5 32. Ba5 e5 33. Ba6 Bf5 34. fxe5 Rf8 1-0